header

Managing electronic records (Record no. 61447)

MARC details
000 -LEADER
fixed length control field 01572nam a2200373 a 4500
082 04 - DEWEY DECIMAL CLASSIFICATION NUMBER
Classification number 025.04
100 1# - MAIN ENTRY--AUTHOR NAME
Personal name Smallwood, Robert F.,
245 10 - TITLE STATEMENT
Title Managing electronic records
260 ## - PUBLICATION, DISTRIBUTION, ETC. (IMPRINT)
Place of publication Hoboken, New Jersey :
Name of publisher John Wiley & Sons, Inc.,
Year of publication 2013.
300 ## - PHYSICAL DESCRIPTION
Number of Pages xix, 442 p. :
Other physical details ill.
490 1# - SERIES STATEMENT
Series statement Wiley CIO series
505 0# - FORMATTED CONTENTS NOTE
Formatted contents note pt. 1. E-records concepts -- pt. 2. E-records fundamentals -- pt. 3. Information delivery -- pt. 4. Technical issues -- pt. 5. Project and program management issues.
650 #0 - SUBJECT ADDED ENTRY--TOPICAL TERM
Topical Term Electronic records
Topical Term Records
856 40 - ELECTRONIC LOCATION AND ACCESS
Uniform Resource Identifier http://site.ebrary.com/lib/rucke/Doc?id=10682358

No items available.

© 2026 Rongo University
Contact us: librarian | system librarian | Rongo university